Essentials of dental radiography and radiology

Uloženo v:
Podrobná bibliografie
Hlavní autor: Whaites, Eric
Médium: Kniha
Jazyk:Undetermined
Vydáno: New York, NY Churchill Livingstone 2007
Témata:
Tagy: Přidat tag
Žádné tagy, Buďte první, kdo otaguje tento záznam!
Thư viện lưu trữ: Trung tâm Học liệu Trường Đại học Cần Thơ
LEADER 00595nam a2200205Ia 4500
001 CTU_128263
008 210402s9999 xx 000 0 und d
020 |c 792000 
082 |a 617.60757 
082 |b W551 
100 |a Whaites, Eric 
245 0 |a Essentials of dental radiography and radiology 
245 0 |c Eric Whaites; Foreword by Roderick Cawson 
260 |a New York, NY 
260 |b Churchill Livingstone 
260 |c 2007 
650 |a Radiography, Dental,Teeth 
650 |x methods.,Radiography. 
904 |i Minh 
980 |a Trung tâm Học liệu Trường Đại học Cần Thơ